Normal view
MARC view
- Fan tadveen - conferences
Entry Topical Term
001 - CONTROL NUMBER
- control field: 16367
003 - CONTROL NUMBER IDENTIFIER
- control field: NUST
005 - DATE AND TIME OF LATEST TRANSACTION
- control field: 20190702091422.0
008 - FIXED-LENGTH DATA ELEMENTS
- fixed length control field: 190702|| aca||aabn | a|a d
040 ## - CATALOGING SOURCE
- Original cataloging agency: NUST
- Transcribing agency: NUST
150 ## - HEADING--TOPICAL TERM
- Topical term or geographic name entry element: Fan tadveen - conferences
670 ## - SOURCE DATA FOUND
- Source citation: Work cat.: (NUST): Naz, MS 16366, Urdu mein fanny tadveen /, 1991.
